000 00477 a2200169 4500
003 OSt
005 20231227155227.0
008 231227b |||||||| |||| 00| 0 eng d
020 _a9789352293216
040 _coclc
082 _a891.43
_bNAR/B
100 _aNaresh
_910223
245 _aBHARATIYA BHASHAYEN AUR SAHITYA /
_cDr Naresh
260 _aNew Delhi:
_bVani Prakashan,
_c2016.
300 _a92p
942 _2ddc
_cBK
_h891.43
_iNAR/B
_k891.43
_mNAR/B
999 _c43597
_d43597